[Event "ESP-chT"]
[Site "Cala Galdana"]
[Date "1994.??.??"]
[Round "?"]
[White "Vallejo Pons, Francisco"]
[Black "Solana Suarez, Ernesto"]
[Result "0-1"]
[WhiteElo "2310"]
[BlackElo "2380"]

1.e4 c5 2.Nc3 Nc6 3.Nge2 Nf6 4.d4 cxd4 5.Nxd4 e5 6.Ndb5 d6 7.Bg5 a6 8.Na3 b5
9.Nd5 Be7 10.Bxf6 Bxf6 11.g3 O-O 12.Bg2 Bg5 13.O-O Ne7 14.Nxe7+ Qxe7 15.c3 Rb8
16.Nc2 a5 17.f4 exf4 18.gxf4 Bf6 19.Nd4 Qc7 20.Qd3 Qb6 21.Rad1 b4 22.c4 b3
23.axb3 Bxd4+ 24.Qxd4 Qxb3 25.Qxd6 Bg4 26.Rd5 Qe3+ 27.Kh1 Rxb2 28.f5 Rxg2
29.f6 Rg1+  0-1

[Event "ESP-chT"]
[Site "Cala Galdana"]
[Date "1994.??.??"]
[Round "3"]
[White "Vallejo Pons, Francisco"]
[Black "Lakunza, Juan Carlos"]
[Result "1-0"]
[WhiteElo "2315"]
[BlackElo "2265"]

1.e4 e5 2.Nf3 Nc6 3.Bc4 Bc5 4.d3 Nf6 5.Nc3 d6 6.Bg5 h6 7.Bxf6 Qxf6 8.Nd5 Qd8
9.c3 Ne7 10.Ne3 c6 11.O-O Bb6 12.d4 exd4 13.Nxd4 O-O 14.Qh5 Qe8 15.Rad1 Kh7
16.Ndc2 Bc7 17.Bd3 g6 18.Qh4 Ng8 19.f4 Qe7 20.Qg3 Bd7 21.h4 Nf6 22.f5 Qe5
23.Qh3 Rae8 24.Rde1 d5 25.exd5 Qg3 26.dxc6 Qxh3 27.gxh3 Bxc6 28.Nd4 Bg3 29.Re2 Bxh4
30.Nc4 Rxe2 31.Nxe2 Re8 32.Nd4 Bd5 33.a4 Kg7 34.fxg6 fxg6 35.Nd6 Re3 36.N6f5+ gxf5
37.Nxf5+ Kh8 38.Nxe3 Bc6 39.a5 Bg5 40.Nf5 Nd5 41.Re1 Nf4 42.Be4 Nxh3+ 43.Kh2 Bd2
44.Re2 Nf4 45.Rxd2 Bxe4 46.Rd4 Bxf5 47.Rxf4 Bd7 48.Rf7  1-0

[Event "ESP-chT"]
[Site "Cala Galdana"]
[Date "1994.??.??"]
[Round "6"]
[White "Vallejo Pons, Francisco"]
[Black "Melendez Fierro, Juan"]
[Result "1-0"]
[WhiteElo "2315"]
[BlackElo "2300"]

1.e4 e6 2.d4 d5 3.Nc3 Nf6 4.Bg5 Be7 5.e5 Nfd7 6.Bxe7 Qxe7 7.f4 a6 8.Nf3 c5
9.Bd3 c4 10.Be2 b5 11.a3 Nc6 12.Qd2 Nb6 13.h4 Bd7 14.h5 h6 15.g4 O-O-O 16.Nd1 f6
17.Nh4 Be8 18.Ne3 fxe5 19.fxe5 Rf8 20.Neg2 Qg5 21.c3 Qxd2+ 22.Kxd2 Ne7 23.Raf1 Nd7
24.Bd1 g5 25.hxg6 Bxg6 26.Nf4 Be4 27.Rhg1 Bd3 28.Be2 Bxe2 29.Kxe2 Rg8 30.Nxe6 Rde8
31.Nf5 Nxf5 32.gxf5 h5 33.Ng7 Re7 34.Nxh5 Rxg1 35.Rxg1 Nxe5 36.dxe5 Rxe5+
37.Kd2 Rxf5 38.Ng3 Rf7 39.Ne2 a5 40.Rg5 Rd7 41.Nd4 b4 42.axb4 axb4 43.cxb4 Kb7
44.Kc3 Kc7 45.b5 Kd6 46.Rg6+ Kc7 47.Ne6+ Kb8 48.Nc5  1-0

[Event "Linares op"]
[Site "Linares"]
[Date "1994.??.??"]
[Round "2"]
[White "Svidler, Peter"]
[Black "Vallejo Pons, Francisco"]
[Result "1-0"]
[WhiteElo "2505"]
[BlackElo "2315"]

1.e4 c5 2.Nf3 Nc6 3.Bb5 g6 4.Bxc6 bxc6 5.O-O Bg7 6.Re1 f6 7.c3 Nh6 8.d4 cxd4
9.cxd4 O-O 10.Nc3 d6 11.Nd2 Rb8 12.Nc4 Ba6 13.Ne3 f5 14.Qa4 Bb7 15.f3 Qb6
16.Rd1 fxe4 17.fxe4 Bc8 18.h3 Kh8 19.b3 Qc7 20.Nc4 Bd7 21.Be3 Nf7 22.Qa5 Qxa5
23.Nxa5 c5 24.Nd5 e6 25.Nc3 Rb4 26.Nc4 Bb5 27.Nxb5 Rxb5 28.Rab1 d5 29.exd5 exd5
30.Nb2 Re8 31.Bf2 cxd4 32.Bxd4 Bxd4+ 33.Rxd4 Re2 34.Na4 Rb7 35.Rb2 Rxb2 36.Nxb2 Rd7
37.Nd3 Kg7 38.Nb4 Kf6 39.Rxd5 Rxd5 40.Nxd5+ Ke5 41.Ne7 Nd8 42.Kf2 Kd4 43.Kf3 Kc3
44.Ke4 Kb2 45.b4 Kxa2 46.b5 Kb3 47.Nc6 Nb7 48.Kd5 Ka4 49.Nxa7 Ka5 50.Kc6 Nd8+
51.Kd7 Nb7 52.Kc7 Nc5 53.Kc6 Ne6 54.b6 Ka6 55.Nb5 Nd8+ 56.Kd7 Nb7 57.Nd6 Nc5+
58.Kc6 Ne6  1-0

[Event "Linares op"]
[Site "Linares"]
[Date "1994.??.??"]
[Round "4"]
[White "Garcia Ares, Felix"]
[Black "Vallejo Pons, Francisco"]
[Result "1-0"]
[WhiteElo "2305"]
[BlackElo "2315"]

1.Nf3 f5 2.d4 Nf6 3.g3 d6 4.Bg2 g6 5.O-O Bg7 6.c3 O-O 7.Qb3+ Kh8 8.Ng5 d5
9.Nd2 c6 10.Ndf3 e6 11.Ne5 Qe8 12.a4 Nbd7 13.Nd3 e5 14.dxe5 Nxe5 15.Nxe5 Qxe5
16.Be3 Qe7 17.Qa3 Qxa3 18.Rxa3 Re8 19.h3 Kg8 20.Raa1 Nd7 21.Nf3 Nb6 22.Nd2 Be5
23.a5 Nd7 24.Kh2 Bc7 25.Nb3 Nf6 26.Bf3 Ne4 27.Bf4 Bxf4 28.gxf4 Kf7 29.e3 Nd6
30.Nc5 Be6 31.Be2 Ke7 32.Nd3 Kd7 33.Ne5+ Ke7 34.h4 Bg8 35.h5 g5 36.Rg1 h6
37.Bd3 g4 38.f3 gxf3 39.Rg7+ Kd8 40.Rd7+ Kc8 41.Rxd6 Be6 42.Rxe6  1-0

[Event "Madrid-B"]
[Site "Madrid"]
[Date "1994.??.??"]
[Round "1"]
[White "Ortiz Aleman, Jose Carlos"]
[Black "Vallejo Pons, Francisco"]
[Result "0-1"]
[WhiteElo "2185"]
[BlackElo "2315"]

1.e4 c5 2.Nf3 Nc6 3.Bb5 g6 4.Bxc6 bxc6 5.O-O Bg7 6.Re1 f6 7.d3 Nh6 8.Nbd2 Nf7
9.Nc4 O-O 10.Bd2 d6 11.Na5 Qc7 12.h3 e5 13.c4 Be6 14.Qa4 Rac8 15.Rab1 Bd7
16.Qa3 Rb8 17.b4 cxb4 18.Bxb4 c5 19.Bd2 f5 20.Rb3 Bf6 21.Reb1 Rb6 22.R3b2 Bd8
23.Nb3 Qc6 24.Na5 Qa8 25.Nb3 fxe4 26.dxe4 Qxe4 27.Qxa7 Bxh3 28.Ne1 Rb7  0-1

[Event "Madrid-B"]
[Site "Madrid"]
[Date "1994.??.??"]
[Round "3"]
[White "Candela Perez, Jose"]
[Black "Vallejo Pons, Francisco"]
[Result "1-0"]
[WhiteElo "2340"]
[BlackElo "2315"]

1.d4 f5 2.Bg5 d5 3.e3 Nf6 4.Bxf6 exf6 5.Bd3 Be6 6.Qf3 Qd7 7.Ne2 Nc6 8.a3 O-O-O
9.b4 Bd6 10.Nf4 Ne7 11.Nc3 g5 12.Nxe6 g4 13.Qe2 Qxe6 14.Nb5 c6 15.Nxd6+ Qxd6
16.g3 h5 17.h4 b5 18.O-O a6 19.c3 Kb7 20.a4 Ra8 21.Ra3 Rhb8 22.Rfa1 Qe6 23.Qa2 bxa4
24.Rxa4 Kc7 25.Rxa6 Rxa6 26.Qxa6 Nc8 27.Qa5+ Rb6 28.Qc5 Qe8 29.Ra8 Qe6 30.Ba6 Nd6
31.Ra7+ Nb7 32.b5 Qd7 33.Bxb7 Rxb7 34.b6+  1-0

[Event "Madrid-B"]
[Site "Madrid"]
[Date "1994.??.??"]
[Round "4"]
[White "Vallejo Pons, Francisco"]
[Black "Rojo Huerta, Gabriel"]
[Result "1-0"]
[WhiteElo "2315"]
[BlackElo "2370"]

1.e4 e6 2.d4 d5 3.Nc3 Bb4 4.e5 c5 5.a3 Bxc3+ 6.bxc3 Qc7 7.Nf3 b6 8.Bb5+ Bd7
9.Bd3 Ne7 10.h4 Nbc6 11.O-O h6 12.h5 Na5 13.Be3 cxd4 14.cxd4 Ba4 15.Nd2 Qc3
16.Qg4 Kf8 17.Rac1 Rc8 18.Nb1 Qc7 19.Bd2 Nc4 20.Bxc4 dxc4 21.Bb4 Kg8 22.Nc3 Bc6
23.Rce1 Rd8 24.Bxe7 Qxe7 25.Re3 Qg5 26.Rg3 Qxg4 27.Rxg4 Kh7 28.Ne2 Rd5 29.f4 Ra5
30.Rg3 g6 31.hxg6+ fxg6 32.Rc3 Bd5 33.g4 Rf8 34.Kh2 Rb5 35.Ng3 Rb2 36.f5 gxf5
37.gxf5 exf5 38.Rxf5 Rg8 39.Rf6 Rg4 40.Nf5 Be4 41.Ne3 Rg7 42.Rf4 Ba8 43.Rxc4 Rb1
44.d5 Re1 45.Ng4 h5 46.Nf6+ Kh6 47.Rce4 Rxe4 48.Rxe4 Kg5 49.Rd4 Kf5 50.d6 Bc6
51.d7 Bxd7 52.Nxd7 Ke6 53.Rd6+ Kf5 54.Rf6+ Kg5 55.Nf8 Re7 56.Ne6+  1-0

[Event "Madrid-B"]
[Site "Madrid"]
[Date "1994.??.??"]
[Round "6"]
[White "Vallejo Pons, Francisco"]
[Black "Elguezabal Varela, Daniel"]
[Result "0-1"]
[WhiteElo "2315"]
[BlackElo "2370"]

1.e4 c5 2.Nc3 Nc6 3.Nge2 Nf6 4.d4 cxd4 5.Nxd4 d6 6.g3 e6 7.Bg2 Bd7 8.Ndb5 Qb8
9.a4 a6 10.Na3 Qc7 11.O-O Be7 12.h3 Rb8 13.g4 h6 14.Be3 Na5 15.Qd3 O-O 16.f4 Nh7
17.Rad1 Rfc8 18.e5 d5 19.Bd4 Nc6 20.Ne2 Nxd4 21.Nxd4 Bxa4 22.Rd2 b5 23.f5 Bc5
24.fxe6 fxe6 25.b3 b4 26.bxa4 bxa3 27.c3 Rf8 28.Re1 Bxd4+ 29.cxd4 Rb2 30.Red1 Rxd2
31.Rxd2 Qc1+ 32.Rd1 Rc8 33.Kh2 a2 34.Rxc1 Rxc1 35.Qxa6 Nf8  0-1

[Event "Madrid-B"]
[Site "Madrid"]
[Date "1994.??.??"]
[Round "7"]
[White "Yewdokimov, Oleg"]
[Black "Vallejo Pons, Francisco"]
[Result "0-1"]
[WhiteElo "2365"]
[BlackElo "2315"]

1.e4 c5 2.Nc3 Nc6 3.f4 g6 4.Nf3 Bg7 5.Bb5 Nd4 6.Bc4 d6 7.O-O e6 8.d3 Ne7
9.a4 O-O 10.Kh1 b6 11.Ba2 Bb7 12.Nxd4 cxd4 13.Ne2 Rc8 14.Ng3 d5 15.f5 Nc6
16.Bd2 Ne5 17.Bb3 Qh4 18.Rf4 Qe7 19.Qe2 dxe4 20.dxe4 d3 21.cxd3 Ba6 22.fxe6 fxe6
23.Rxf8+ Rxf8 24.Rf1 Rxf1+ 25.Qxf1 Nxd3 26.Bc3 Bxc3 27.bxc3 Kg7 28.h3 Qf6
29.Qe2 Nf2+  0-1

[Event "Madrid-B"]
[Site "Madrid"]
[Date "1994.??.??"]
[Round "11"]
[White "Vallejo Pons, Francisco"]
[Black "Barez, Hector"]
[Result "1-0"]
[WhiteElo "2315"]
[BlackElo "2340"]

1.e4 e5 2.Bc4 Nf6 3.d3 Nc6 4.Nf3 Be7 5.O-O O-O 6.Re1 d6 7.c3 Na5 8.Bb5 a6
9.Ba4 b5 10.Bc2 c5 11.Nbd2 Re8 12.Nf1 Bf8 13.h3 h6 14.Ng3 Bb7 15.Nh2 d5 16.Ng4 dxe4
17.dxe4 Nxg4 18.Qxg4 Bc8 19.Qf3 Be6 20.b3 Nc6 21.Rd1 Qc7 22.Nf5 b4 23.Bb2 Rac8
24.cxb4 cxb4 25.Rac1 Red8 26.Bd3 Qa5 27.Bb1 g6 28.Rxd8 Qxd8 29.Rd1 Qb6 30.Qe3 Bc5
31.Qxh6 Bxf2+ 32.Kh1 Bxf5 33.exf5 Be3 34.Qh4 g5 35.Qe4 f6 36.Qd5+ Kf8 37.Qe6 Rd8
38.Qxf6+ Ke8 39.Rxd8+ Nxd8 40.Qxe5+ Kd7 41.f6  1-0

[Event "Wch U12"]
[Site "Szeged"]
[Date "1994.??.??"]
[Round "8"]
[White "Vamos, Viktor"]
[Black "Vallejo Pons, Francisco"]
[Result "0-1"]
[WhiteElo "2155"]
[BlackElo "2315"]

1.e4 c5 2.Nf3 Nc6 3.d4 cxd4 4.Nxd4 Nf6 5.Nc3 e5 6.Ndb5 d6 7.Nd5 Nxd5 8.exd5 Nb8
9.c4 a6 10.Nc3 Be7 11.Be2 O-O 12.O-O f5 13.f4 Bf6 14.Kh1 Nd7 15.Na4 Rb8 16.Be3 b5
17.cxb5 axb5 18.Nc3 b4 19.Na4 Qa5 20.Rc1 Bb7 21.fxe5 Bxe5 22.Bc4 g6 23.b3 Rbc8
24.Qd2 Nf6 25.Rfd1 Ne4 26.Qe1 Rce8 27.Bb6 Qa8 28.Qxb4 g5 29.Bb5 Re7 30.Bc6 Rf6
31.Kg1 Rh6 32.g3 Bxg3 33.hxg3 Nxg3 34.Bxb7 Qxb7 35.Nc3 f4 36.Qb5 Qc8 37.Ne4 Rh1+
38.Kf2 Nxe4+ 39.Ke2 Qg4+ 40.Kd3 Rxd1+  0-1

[Event "Wch U12"]
[Site "Szeged"]
[Date "1994.??.??"]
[Round "9"]
[White "Vallejo Pons, Francisco"]
[Black "Bacrot, Etienne"]
[Result "1/2-1/2"]
[WhiteElo "2315"]
[BlackElo "2255"]

1.e4 d5 2.exd5 Qxd5 3.Nc3 Qa5 4.g3 Nf6 5.Bg2 c6 6.Nge2 Bf5 7.O-O e6 8.d4 Nbd7
9.a3 Bd6 10.Bf4 Qc7 11.Re1 O-O 12.Bxd6 Qxd6 13.Nc1 Rfe8 14.Nb3 Qc7 15.Rc1 Rad8
16.Qf3 Bg6 17.Qe3 Nd5 18.Nxd5 cxd5 19.Nd2 Nb6 20.b3 h6 21.c4 dxc4 22.bxc4 e5
23.d5 e4 24.Qd4 f5 25.Nf1 Nd7 26.d6 Qc5 27.Qd5+ Qxd5 28.cxd5 Nf6 29.Rc7 b6
30.Rxa7 Rxd6 31.Ne3 Nxd5 32.Rd1 Red8 33.Nc4 Re6 34.Rb7 Bf7 35.Nxb6 Red6 36.Nc4 R6d7
37.Rxd7 Rxd7 38.Ne5 Rd6 39.Bf1 Kf8 40.Nxf7 Kxf7 41.Bc4 Ke6 42.Kf1 g5 43.Ke2 f4
44.a4 Ke5 45.Rxd5+ Rxd5 46.Bxd5 Kxd5 47.Kd2 Kc4 48.a5 Kb5 49.g4 Kxa5 50.Kc3 Kb5
51.Kd4 Kb4 52.Kxe4 Kc3 53.h4  1/2-1/2

[Event "Ibercaja op"]
[Site "Zaragoza"]
[Date "1994.??.??"]
[Round "3"]
[White "Vallejo Pons, Francisco"]
[Black "Capit, Francois"]
[Result "1-0"]
[WhiteElo "2315"]
[BlackElo "2185"]

1.e4 e6 2.d4 d5 3.Nc3 Bb4 4.e5 Ne7 5.Ne2 c5 6.a3 Bxc3+ 7.bxc3 Qc7 8.h4 h5
9.g3 Bd7 10.a4 Nbc6 11.Ba3 cxd4 12.cxd4 Nf5 13.c3 Qa5 14.Qd3 Qxa4 15.Bh3 Nce7
16.O-O Bb5 17.Qf3 Bxe2 18.Qxe2 Qc4 19.Qxc4 dxc4 20.Bxe7 Nxe7 21.Bg2 Nd5 22.Bxd5 exd5
23.Rfb1 O-O 24.Rxb7 Rfb8 25.Raxa7 Rxa7 26.Rxb8+ Kh7 27.Rb5 Rd7 28.Rb6 Ra7
29.Rd6 Ra5 30.Kf1 Kg8 31.Ke2 Kf8 32.f4 Ke7 33.f5 Ra2+ 34.Ke3 Rc2 35.Rxd5 Rxc3+
36.Ke4 Rxg3 37.Rc5 Rg4+ 38.Kd5 Rxh4 39.Rc7+ Ke8 40.e6 fxe6+ 41.fxe6 Rg4 42.Rxc4 Ke7
43.Rc7+ Kd8 44.Rd7+ Ke8 45.Ke5 h4 46.d5 h3 47.Ra7 Kd8 48.Kd6 Kc8 49.e7  1-0

[Event "Aceimar op"]
[Site "Aceimar"]
[Date "1995.??.??"]
[Round "?"]
[White "Vallejo Pons, Francisco"]
[Black "Saramos, R."]
[Result "1-0"]
[WhiteElo "2325"]
[BlackElo "2375"]

1.e4 c5 2.Nc3 Nc6 3.Nge2 e6 4.g3 Nf6 5.Bg2 d6 6.d4 cxd4 7.Nxd4 Bd7 8.Nce2 Qa5+
9.Bd2 Qb6 10.Bc3 e5 11.Nb3 Be6 12.O-O Rd8 13.Qe1 d5 14.exd5 Nxd5 15.Rd1 Be7
16.Ba5 Nxa5 17.Qxa5 O-O 18.a3 Rd7 19.Qxb6 axb6 20.c4 Nf6 21.Rxd7 Bxd7 22.Bxb7 Ba4
23.Nbc1 Rd8 24.Nc3 Bc2 25.Re1 Bc5 26.Nd5 Bd4 27.Re2 Bb1 28.Nb3 Bd3 29.Nxd4 exd4
30.Rd2 Bxc4 31.Nxb6 Bb3 32.Bf3 g5 33.a4 g4 34.Bd1 Ne4 35.Rd3 Bxd1 36.Rxd1 d3
37.a5 Rd6 38.Nc4 Rd4 39.b3 Nc3 40.Rd2 Ne4 41.Rd1 Nc3 42.Ra1 d2 43.Ne3 Rd7
44.a6 Nb5 45.Kg2 h5 46.Nd1 Na7 47.b4 Kg7 48.Kf1 Rd4 49.Rb1 Nb5 50.Ke2 Rd6
51.Ra1 Na7 52.Nc3 Rb6 53.b5 Rd6 54.Rb1 Nc8 55.Rb2 Nb6 56.Rxd2 Re6+ 57.Kd3 Re1
58.Rd1 Re8 59.Kc2 Rc8 60.Kb3 Rc5 61.Rd6 Nc8 62.Rc6 Rxc6 63.bxc6 Kf6 64.Kc4  1-0

[Event "Canaries olJ U16"]
[Site "?"]
[Date "1995.??.??"]
[Round "?"]
[White "Peralta, Fernando"]
[Black "Vallejo Pons, Francisco"]
[Result "0-1"]
[WhiteElo "2325"]
[BlackElo "2300"]

1.d4 f5 2.Nc3 Nf6 3.Bg5 d5 4.Bxf6 exf6 5.e3 Be6 6.Bd3 Qd7 7.Qf3 Nc6 8.a3 O-O-O
9.Nge2 g5 10.g3 Ne7 11.h4 c6 12.b4 Kb8 13.Rb1 Nc8 14.Na4 b6 15.Ba6 Nd6 16.Nc5 Qe8
17.Nc3 Bc8 18.Bxc8 Rxc8 19.Na6+ Kb7 20.Nc5+ Ka8 21.Nb3 Qe6 22.Nd2 Bg7 23.a4 h5
24.Kf1 Ne4 25.Ncxe4 fxe4 26.Qe2 Qf7 27.c4 gxh4 28.Rxh4 f5 29.Kg2 Bf6 30.Rh3 h4
31.Rbh1 Rcg8 32.c5 f4 33.exf4 Bxd4 34.cxb6 axb6 35.Nb3 Bf6 36.Qa6+ Qa7 37.Qxa7+ Kxa7
38.Kf1 hxg3 39.fxg3 Rxg3 40.Rxh8 Bxh8 41.Rh7+ Ka6 42.Nc1 Bb2 43.Ne2 Rf3+
44.Ke1 d4  0-1

[Event "ESP-chT"]
[Site "Cordoba"]
[Date "1995.??.??"]
[Round "8"]
[White "Vallejo Pons, Francisco"]
[Black "Merino Mejuto, Domingo"]
[Result "1-0"]
[WhiteElo "2300"]
[BlackElo "2265"]

1.e4 c5 2.Nc3 Nc6 3.Nge2 Nf6 4.g3 d5 5.exd5 Nd4 6.Nxd4 cxd4 7.Nb5 e5 8.Qe2 Bd6
9.Nxd4 O-O 10.Nb5 Bg4 11.f3 Bh5 12.Nxd6 Qxd6 13.g4 Bg6 14.c4 e4 15.f4 Qxf4
16.d4 Qxg4 17.Qxg4 Nxg4 18.Be2 Nf6 19.Rf1 Nh5 20.b4 h6 21.a4 f5 22.b5 Rab8
23.Ra3 Kh7 24.Rh3 Nf6 25.Rg3 Ne8 26.h4 Rf6 27.Bf4 Rf8 28.Be5 Nf6 29.Rfg1 Ng4
30.Bxg4 f4 31.Rc3  1-0

[Event "ESP-chT"]
[Site "Cordoba"]
[Date "1995.??.??"]
[Round "9"]
[White "Lacasa, JA."]
[Black "Vallejo Pons, Francisco"]
[Result "1-0"]
[WhiteElo "2350"]
[BlackElo "2300"]

1.e4 c5 2.Nf3 Nc6 3.Nc3 e5 4.Bc4 Be7 5.d3 d6 6.O-O Nf6 7.Ng5 O-O 8.f4 Nd4
9.h3 exf4 10.Bxf4 Bd7 11.a4 Bc6 12.Ba2 h6 13.Nf3 Ne6 14.Bh2 d5 15.Ne5 dxe4
16.Nxc6 bxc6 17.dxe4 Qd4+ 18.Kh1 Rad8 19.Qe2 Qb4 20.Rab1 Rd7 21.Bxe6 fxe6
22.Qa6 Nxe4 23.Qxc6 Nxc3 24.Qxd7 Nxb1 25.Qxe6+ Kh8 26.Rxb1 Bf6 27.b3 Bd4
28.Bd6 Rf6 29.Qe8+ Kh7 30.Qe4+ Kh8 31.Qe8+ Kh7 32.Qe4+ Kh8 33.Bf4 Bc3 34.Qxb4 cxb4
35.Be3 a6 36.Rd1 Kg8 37.Kg1 Kf7 38.Rd7+ Kg6 39.Bd4 Bxd4+ 40.Rxd4 a5 41.Rd5 Ra6
42.Rc5 Kf6 43.Kf2 Ra7 44.Ke3 Re7+ 45.Kf3 Ra7 46.h4 g6 47.Kf4 Ra6 48.g4 Ke6
49.Ke4 Rd6 50.Rxa5 Rc6 51.Rb5 Rxc2 52.Rxb4 Rh2 53.Rb6+ Kf7 54.a5  1-0

[Event "Wch U18"]
[Site "Guarapuava"]
[Date "1995.??.??"]
[Round "2"]
[White "Vallejo Pons, Francisco"]
[Black "Cubas, Jose Fernando"]
[Result "1-0"]
[WhiteElo "2325"]
[BlackElo "2165"]

1.e4 e6 2.d4 d5 3.Nd2 b6 4.Ngf3 Bb7 5.e5 c5 6.c3 Nc6 7.a3 Qd7 8.b4 a6 9.bxc5 bxc5
10.Rb1 c4 11.Ng5 O-O-O 12.Be2 f6 13.Ngf3 Qc7 14.O-O Nh6 15.Re1 fxe5 16.Nxe5 Nxe5
17.dxe5 Bc5 18.Nf1 Rhf8 19.Be3 Bxe3 20.Nxe3 Qxe5 21.Bf3 Qd6 22.Qd4 e5 23.Qa7 Qc7
24.Nxc4 Rf6 25.Nb6+ Rxb6 26.Rxb6 e4 27.Reb1 Rd7 28.Rxb7 Qxb7 29.Rxb7 Rxb7
30.Qc5+ Rc7 31.Qf8+ Kb7 32.Be2  1-0

[Event "Wch U18"]
[Site "Guarapuava"]
[Date "1995.??.??"]
[Round "3"]
[White "Manhardt, Thomas"]
[Black "Vallejo Pons, Francisco"]
[Result "0-1"]
[WhiteElo "2070"]
[BlackElo "2325"]

1.e4 c5 2.d4 cxd4 3.c3 dxc3 4.Nxc3 Nc6 5.Nf3 e6 6.Bc4 Nf6 7.Bg5 d6 8.O-O a6
9.Rc1 Be7 10.Qe2 O-O 11.Rfd1 Qa5 12.Bb3 Rd8 13.h3 Bd7 14.Bf4 Be8 15.g4 h6
16.Kh1 Rac8 17.Rg1 Nh7 18.h4 g5 19.Be3 Ne5 20.Nd4 Nf8 21.f4 gxf4 22.Bxf4 Bxh4
23.g5 Neg6 24.gxh6 Bf6 25.Be3 Rc5 26.Nf5 Rxf5 27.exf5 Bc6+ 28.Kh2 Qxf5 29.Bf2 Qf4+
30.Kh3 Qxh6+ 31.Kg4 Ne5+  0-1

[Event "Wch U18"]
[Site "Guarapuava"]
[Date "1995.??.??"]
[Round "7"]
[White "Salmensuu, Olli"]
[Black "Vallejo Pons, Francisco"]
[Result "1/2-1/2"]
[WhiteElo "2230"]
[BlackElo "2325"]

1.e4 c5 2.Nf3 Nc6 3.d4 cxd4 4.Nxd4 Nf6 5.Nc3 e5 6.Ndb5 d6 7.Bg5 a6 8.Na3 b5
9.Bxf6 gxf6 10.Nd5 Bg7 11.Bd3 Ne7 12.Nxe7 Qxe7 13.c3 f5 14.O-O O-O 15.Nc2 Bb7
16.exf5 e4 17.Re1 Rae8 18.Bf1 d5 19.Re3 Qg5 20.Nd4 Be5 21.Rh3 Rc8 22.Qb3 Qf6
23.Rd1 Bxd4 24.Rxd4 Qxf5 25.a4 Bc6 26.axb5 axb5 27.Bxb5 Rb8 28.Rb4 Ra8 29.Qd1 Bxb5
30.Rxb5 Kh8 31.c4 Rfd8 32.Ra3 Rac8 33.Qd4+ f6 34.h4 Qf4 35.Rf3 Rxc4 36.Qxc4 Qxf3
37.Qxd5 Rxd5 38.Rb8+ Kg7 39.gxf3 exf3 40.Kh2 Rd4 41.Kg3 h5 42.Rb3 Rg4+ 43.Kh3 Rf4
44.Rc3 f5 45.b3 Kf6 46.Re3 Kf7 47.Re1 Rb4 48.Rb1 f4 49.Ra1 Ke6 50.Ra6+ Ke5
51.Ra5+ Ke4 52.Rxh5 Rxb3 53.Rh8 Rb2 54.Kg4 Rxf2 55.Re8+ Kd3 56.Kxf4 Rh2 57.Kg3 Rxh4
58.Kxh4 f2 59.Rf8 Ke2 60.Re8+ Kd3 61.Rd8+ Ke2  1/2-1/2

[Event "Wch U18"]
[Site "Guarapuava"]
[Date "1995.??.??"]
[Round "10"]
[White "Vallejo Pons, Francisco"]
[Black "Pereyra Arcija, Diego"]
[Result "1-0"]
[WhiteElo "2325"]
[BlackElo "2290"]

1.e4 e6 2.d3 d5 3.Nd2 c5 4.Ngf3 Nc6 5.g3 g6 6.Bg2 Bg7 7.O-O Nge7 8.Re1 b6
9.a3 Bb7 10.Rb1 a5 11.a4 O-O 12.c3 Ba6 13.exd5 exd5 14.Nf1 Qd7 15.Bf4 Rad8
16.Qd2 Rfe8 17.h4 Nc8 18.Kh2 b5 19.axb5 Bxb5 20.Bh3 Qb7 21.h5 Nb6 22.Kg1 Nd7
23.N1h2 Nde5 24.h6 Bh8 25.Nxe5 Nxe5 26.Bxe5 Bxe5 27.Ng4 Bh8 28.Qg5 f5 29.Nf6+ Bxf6
30.Qxf6 Qf7 31.Qb6 Bxd3 32.Ra1 Be4 33.Rxa5 d4 34.Ra7 Rd7 35.Rxd7 Qxd7 36.Qxc5 d3
37.Qc4+ Kf8 38.Rd1 Rc8 39.Qxe4 Rd8 40.Qe5 d2 41.Qh8+  1-0

[Event "Wch U18"]
[Site "Guarapuava"]
[Date "1995.??.??"]
[Round "11"]
[White "Vallejo Pons, Francisco"]
[Black "Kaminski, Marcin"]
[Result "1/2-1/2"]
[WhiteElo "2325"]
[BlackElo "2495"]

1.e4 e6 2.d4 d5 3.Nc3 Nf6 4.Bg5 dxe4 5.Nxe4 Nbd7 6.Nf3 h6 7.Nxf6+ Nxf6 8.Bh4 c5
9.dxc5 Qxd1+ 10.Rxd1 Bxc5 11.Be2 Ke7 12.Ne5 g5 13.Bg3 Ne4 14.Bh5 Rf8 15.Bf3 Nf6
16.h4 Rg8 17.hxg5 hxg5 18.Rh6 a5 19.Bh5 Rg7 20.Ng4 Nxg4 21.Bxg4 Bd7 22.Be5 Rg6
23.Rh7 Rgg8 24.Rxd7+ Kxd7 25.Rxf7+ Be7 26.Bf6 Rae8 27.Be2 Kd6 28.Bb5 Bxf6
29.Bxe8 Bxb2 30.Ba4 b6 31.Bb5 Bd4 32.a4 Ke5 33.Ke2 Bc5 34.Bd3 Rf8 35.Rxf8 Bxf8
36.g4 Kd4 37.f3 Bd6 38.Bb5 Bf4 39.Bd7 Kc3 40.Bxe6 Kxc2 41.Bd7 Kc3 42.Bb5 Kd4
43.Be8  1/2-1/2

[Event "Linares op"]
[Site "Linares"]
[Date "1995.??.??"]
[Round "?"]
[White "Pogorelov, Ruslan"]
[Black "Vallejo Pons, Francisco"]
[Result "1-0"]
[WhiteElo "2440"]
[BlackElo "2300"]

1.Nf3 c5 2.c4 Nc6 3.Nc3 Nf6 4.g3 e6 5.Bg2 d5 6.cxd5 exd5 7.d4 cxd4 8.Nxd4 Be7
9.O-O O-O 10.b3 Bg4 11.h3 Bh5 12.Bb2 Qd7 13.Rc1 Rfe8 14.Nxc6 bxc6 15.Na4 Rac8
16.Qd2 Bg6 17.Qd4 Bf8 18.e3 Ne4 19.Nc5 Nxc5 20.Rxc5 Be4 21.Ra5 c5 22.Qa4 Qf5
23.Rxa7 c4 24.Bd4 c3 25.Bxc3 Bxg2 26.Kxg2 Bc5 27.Rc7 Ra8 28.Qg4  1-0

[Event "Linares op"]
[Site "Linares"]
[Date "1995.??.??"]
[Round "?"]
[White "Vallejo Pons, Francisco"]
[Black "Vaisser, Anatoli"]
[Result "0-1"]
[WhiteElo "2300"]
[BlackElo "2540"]

1.e4 e6 2.d3 d5 3.Nd2 Nf6 4.Ngf3 b6 5.c3 Be7 6.Be2 O-O 7.O-O c5 8.Re1 Bb7
9.Qc2 Nc6 10.Bf1 Qc7 11.a4 Rfd8 12.g3 Ba6 13.exd5 Nxd5 14.Nc4 Bf6 15.h4 Rd7
16.Bd2 Rad8 17.Rad1 Bb7 18.Bg2 h6 19.Bc1 Ba6 20.Qe2 Bxc3 21.bxc3 Bxc4 22.Bb2 Bb3
23.Rd2 Nde7 24.c4 Nf5 25.Ne5 Nfd4 26.Bxd4 Nxd4 27.Qh5 Bxa4 28.g4 f6 29.Nxd7 Bxd7
30.g5 Qf4 31.Ra2 Be8 32.Qd1 Qxh4 33.gxf6 Bh5 34.f7+ Kxf7 35.Rxa7+ Kg8 36.Qa1 Rf8
37.Qb2 Bf3 38.Re3 Qg5 39.Rxf3 Nxf3+ 40.Kf1 Nh4  0-1

[Event "ESP-chJ"]
[Site "Los Barrios"]
[Date "1995.??.??"]
[Round "1"]
[White "Cruz Alvarez, Dan"]
[Black "Vallejo Pons, Francisco"]
[Result "1-0"]
[WhiteElo "2105"]
[BlackElo "2325"]

1.e4 e6 2.d4 d5 3.Nc3 Bb4 4.e5 Qd7 5.Qg4 f5 6.Qg3 b6 7.Nh3 Ba6 8.Bxa6 Nxa6
9.a3 Bxc3+ 10.bxc3 Nb8 11.Nf4 Nc6 12.Nxe6 Qxe6 13.Qxg7 Qg6 14.Qxh8 O-O-O
15.O-O h5 16.Rd1 Rd7 17.Rd3 Rh7 18.Rg3 Qxg3 19.Qxh7 Qxc3 20.Qxg8+ Kb7 21.Bb2 Qxb2
22.Rf1 Qxd4 23.e6 Qe4 24.Qg5 Qxe6 25.Qxh5 Nd4 26.Qd1 c5 27.Re1 Qd6 28.c3 Nc6
29.Qh5 Qf6 30.Qh7+ Ka6 31.Qh3 c4 32.Qe3 f4 33.Qd2 d4 34.cxd4 Nxd4 35.Rd1 Nb3
36.Qd5 Qc3 37.h4 Nc5 38.h5 Nd3 39.a4 Qc2 40.Qb5+ Kb7 41.Qd7+ Ka6 42.Rf1 Nc5
43.Qb5+ Kb7 44.Re1 Kc7 45.Qe8 c3 46.Re7+ Kd6 47.Qd8+  1-0

[Event "ESP-chJ"]
[Site "Los Barrios"]
[Date "1995.??.??"]
[Round "2"]
[White "Vallejo Pons, Francisco"]
[Black "Timon Piote, Silvia"]
[Result "1-0"]
[WhiteElo "2325"]
[BlackElo "2005"]

1.d4 g6 2.e4 Bg7 3.Nc3 d6 4.Be3 c6 5.a4 Nf6 6.h3 O-O 7.Nf3 Nbd7 8.a5 b5 9.axb6 Nxb6
10.Bd3 Be6 11.Qe2 c5 12.dxc5 dxc5 13.Bxc5 Rc8 14.Bd4 Nc4 15.b3 Nh5 16.Bxg7 Nf4
17.Qf1 Nb2 18.Bd4 Bxb3 19.Nd5 Nbxd3+ 20.cxd3 Bxd5 21.Be3 Bxe4 22.dxe4 Nd3+
23.Ke2 Rc2+ 24.Nd2 Qd7 25.Qb1 Rfc8 26.Ra5 Qc7 27.Rd5 Nf4+ 28.Bxf4 Qxf4 29.Qb4 R8c4
30.Qxc4 Rxc4 31.Nxc4 Qxe4+ 32.Ne3 f5 33.Rhd1 Qb4 34.g3 a5 35.R1d4 Qc3 36.Rd3 Qa1
37.Rd7 Kf7 38.Rb7 a4 39.Rdd7 Qa2+ 40.Kf3 a3 41.Rxe7+ Kf6 42.Ra7 Qb3 43.Reb7 Qc3
44.Rb6+  1-0

[Event "ESP-chJ"]
[Site "Los Barrios"]
[Date "1995.??.??"]
[Round "3"]
[White "Chacon, Jose A"]
[Black "Vallejo Pons, Francisco"]
[Result "1/2-1/2"]
[WhiteElo "2110"]
[BlackElo "2325"]

1.Nf3 f5 2.d4 Nf6 3.g3 g6 4.Bg2 Bg7 5.Bg5 Ne4 6.h4 h6 7.Be3 d6 8.Nfd2 Nxd2
9.Qxd2 c6 10.Nc3 Nd7 11.Bf4 e5 12.dxe5 dxe5 13.Be3 Qf6 14.Rd1 Nb6 15.b3 Be6
16.O-O Qe7 17.Qd6 Kf7 18.Qxe7+ Kxe7 19.Bc5+ Kf7 20.e4 f4 21.gxf4 exf4 22.Ne2 Be5
23.Nd4 Bg4 24.Nf3 Bf6 25.Bd6 g5 26.Rd3 Rae8 27.c4 gxh4 28.Bxf4 h3 29.Bh1 Rxe4
30.Bg3 Re2 31.a4 h5 32.Re3 Re8 33.Rxe8 Kxe8 34.a5 Nd7 35.Nh2 Bd4 36.a6 bxa6
37.Bxc6 Ke7 38.Rd1  1/2-1/2

[Event "ESP-chJ"]
[Site "Los Barrios"]
[Date "1995.??.??"]
[Round "4"]
[White "Vallejo Pons, Francisco"]
[Black "Gonzalez, M."]
[Result "1-0"]
[WhiteElo "2325"]
[BlackElo "2015"]

1.e4 c5 2.Nc3 Nc6 3.Nge2 g6 4.d4 cxd4 5.Nxd4 Bg7 6.Nde2 Nf6 7.g3 O-O 8.Bg2 d6
9.O-O Be6 10.Nd5 Bxd5 11.exd5 Ne5 12.a4 a6 13.b3 Nfd7 14.Nd4 Qc7 15.Bb2 Qc5
16.c4 Rfe8 17.Qd2 Nb6 18.Rad1 Rac8 19.Rfe1 a5 20.Be4 Nexc4 21.bxc4 Nxc4 22.Qc3 Nxb2
23.Qxb2 Qc4 24.Bg2 Qxa4 25.Bf1 Bxd4 26.Rxd4 Qc2 27.Qxb7 Rc7 28.Qb1 Qc3 29.Rde4 Qd2
30.Qd3 Qb2 31.Qb5 Qxb5 32.Bxb5 Rb8 33.Bc6 Kf8 34.Ra4  1-0

[Event "ESP-chJ"]
[Site "Los Barrios"]
[Date "1995.??.??"]
[Round "5"]
[White "Garcia, R."]
[Black "Vallejo Pons, Francisco"]
[Result "1/2-1/2"]
[WhiteElo "1960"]
[BlackElo "2325"]

1.e4 e6 2.d4 d5 3.Nc3 Bb4 4.e5 Qd7 5.a3 Bxc3+ 6.bxc3 b6 7.h4 Ba6 8.Bxa6 Nxa6
9.Qg4 f5 10.Qh5+ Qf7 11.Qe2 Nb8 12.c4 dxc4 13.Qxc4 Qd7 14.Ne2 Ne7 15.Rh3 Nbc6
16.Rg3 Rg8 17.Bg5 Rd8 18.c3 Kf7 19.Rf3 Na5 20.Qd3 Qc6 21.Nf4 Qc4 22.Rd1 Qxd3
23.Rfxd3 c6 24.Rb1 Rd7 25.Bxe7 Kxe7 26.Rb4 g6 27.Ke2 Rc8 28.Ra4 Nb3 29.Ke3 a5
30.c4 b5 31.Rxb3 bxa4 32.Rb6 Kf7  1/2-1/2